Photosynthesis during leaf development /

Uložené v:
Podrobná bibliografia
Ďalší autori: Šesták, Zdeněk, 1932-2008 (Editor)
Médium: Kniha
Jazyk:English
Vydané: Praha : Academia, 1985.
Vydanie:1. vyd.
ISBN: (viaz.)
Fyzický popis: 396 s.
Tagy: Pridať tag
Žiadne tagy, Buďte prvý kto otaguje tento záznam!

MARC

LEADER 00000nam a2200000 a 4500
001 000141521
005 20100603160226.0
008 990217s1985 xr e eng d
020 |a (viaz.)  |c Kčs 150,00 
040 |a SVKKK  |b slo  |c SVKKK  |e AACR2 
041 0 |a eng 
044 |a xr  |c CZ 
245 0 0 |a Photosynthesis during leaf development /  |c edit. Zdeněk Šesták. 
250 |a 1. vyd. 
260 |a Praha :  |b Academia,  |c 1985. 
300 |a 396 s. 
700 1 |a Šesták, Zdeněk,  |d 1932-2008  |4 edt 
910 |a svkkk 
998 |a BK 
090 |g SCKHL  |k Sklad Pribinova prízemie  |a IV.127115  |j 707769  |i 141521-10  |s Absenčne 
090 |g SCKHL  |k Sklad Pribinova prízemie  |a IV.128319  |j 707514  |i B265737  |s Absenčne